K vývoji světového pojišťovnictví v roce 2017

Analýza svetového poisťovníctva za rok 2017 vykonaná inštitúciou Swiss Re Institute. Hodnotenie vonkajšieho prostredia. Odborná analýza globálneho poistného trhu so zameraním na životné a neživotné poistenie.

Enregistré dans:
Détails bibliographiques
Auteur principal: Mesršmíd, Jaroslav
Format: Chapitre de livre
Langue:tchèque
Sujets:
Tags: Ajouter un tag
Pas de tags, Soyez le premier à ajouter un tag!

MARC

LEADER 00000naa a2200000 4500
001 0248518
005 20181107135330.5
041 0 |a cze 
044 |a CZ 
245 1 0 |a K vývoji světového pojišťovnictví v roce 2017  |c Jaroslav Mesršmíd 
520 |a Analýza svetového poisťovníctva za rok 2017 vykonaná inštitúciou Swiss Re Institute. Hodnotenie vonkajšieho prostredia. Odborná analýza globálneho poistného trhu so zameraním na životné a neživotné poistenie. 
610 2 0 |a poistenie neživotné 
610 2 0 |a poistenie životné 
610 2 0 |a poistné 
610 2 0 |a poisťovníctvo 
610 2 0 |a analýzy 
610 2 0 |a krajiny vyspelé 
610 2 0 |a krajiny rozvojové 
100 1 |a Mesršmíd, Jaroslav